Statistiques concernant Connais-tu bien Amélie ?

Cliquez ici pour prendre le quiz!

Statistiques générales

  • Ce quiz a été pris 29 fois
  • Le résultat moyen est 4 sur 10

Statistiques - réponses

QuestionRéponse% Correct
Quelle taille fait amélie ?1m56
69%
Quel est le lieu préférer d'Amélie ?Son lit
69%
Qui est la bestie d'AmélieMarion
50%
De quelle origine est Amélie ?Arménienne
46%
Quel sport pratique Amélie ?Rien...
46%
Quelle est la couleur préférée d'AmélieLe noir
31%
Que veut faire Amélie plus tard ?Anthropologue
23%
De quoi Amélie a peur ?Des chiens
23%
Quel est le super pouvoir d'Amélie ?Voler
19%
Quel est le surnom d'amélie ?La puxe
12%

Distribution des résultats

Percentile par nombre de réponses

% des personnes avec chaque résultat

Votre développement - résultats

Vous n’avez pas pris ce quiz